| 000 | 00958nam a2200181Ia 4500 | ||
|---|---|---|---|
| 008 | 100921s9999 xx 000 0 und d | ||
| 082 |
_b6623 _a294.592 थ 78 |
||
| 100 | _aखैर गजानन श्रीपत. | ||
| 245 | _aगीतेचा दृष्टीकोन स्वभाव सुधारण्याचा मार्ग. | ||
| 260 |
_bपुणे विद्यार्थीगृह प्रकाशन,पुणे. _c1978 |
||
| 300 |
_a168 _b--- |
||
| 365 | _b10 | ||
| 520 | _aधर्म-पवित्र ग्रंथ-व्यिक्त. | ||
| 630 | _aगीतेचा दृष्टीकोन स्वभाव सुधारण्याचा मार्ग. | ||
| 650 | _aधर्म-पवित्र ग्रंथ-व्यिक्त. | ||
| 730 | _aगीतेचा दृष्टीकोन स्वभाव सुधारण्याचा मार्ग. | ||
| 942 | _cBOOK | ||
| 999 |
_c755736 _d755733 |
||